| 000 | 01235nac a22002651u 4500 | ||
|---|---|---|---|
| 008 | 100913t xxu||||| |||| 00| 0 eng d | ||
| 010 | _a 91040707 | ||
| 020 | _a0070380104 | ||
| 082 | 0 | 0 |
_a627 _bWAT |
| 100 |
_a20080729 _918947 |
||
| 245 | 0 | 0 |
_aWater Resources Engineering / _cRay K. Linsley ... [et al.]. |
| 250 | _a4th ed. | ||
| 260 |
_aNew York : _bMcGraw-Hill,1992 _c1992. |
||
| 300 |
_axvi, 841 p. : _bill. ; _c25 cm. |
||
| 490 |
_918946 _aMcGraw-Hill Series in Water Resources and Environmental Engineering |
||
| 504 | _aIncludes bibliographical references indexes. | ||
| 650 | 0 |
_aHydraulic engineering. _918948 |
|
| 650 | 0 |
_aWater resources development. _918949 |
|
| 700 | 1 |
_aLinsley, Ray K. _918951 |
|
| 856 | 4 | 2 |
_3Publisher description _uhttp://www.loc.gov/catdir/description/mh022/91040707.html |
| 856 | 4 | 2 |
_3Table of contents _uhttp://www.loc.gov/catdir/toc/mh021/91040707.html |
| 942 |
_cBB _k627WAT _2ddc |
||
| 999 |
_c3968 _d3968 |
||